| 000 | 01746nam a22004337a 4500 | ||
|---|---|---|---|
| 003 | CHAP | ||
| 005 | 20220329135446.0 | ||
| 008 | 971013s1970 r 00010 d | ||
| 010 | _a36845 | ||
| 011 | _a37817 | ||
| 035 | _a41937 | ||
| 040 | _cCHAP | ||
| 082 |
_a674.1 _bP35 1970 |
||
| 100 | 0 | 0 |
_aPanshin, A. J. _985126 |
| 245 | _aTextbook of wood technology | ||
| 250 | _a3 ed. | ||
| 260 |
_aNew York : _bMcGraw-Hill, _c1970 |
||
| 300 |
_a2 v. _b: ilus. |
||
| 490 | _aThe American forestry series | ||
| 500 | _aLa biblioteca tiene: v.1 | ||
| 505 | _aContenido: v.1 Structure, identification, uses and properties of the commercial woods of the United States and Canada | ||
| 590 |
_aBATCH-UPD _b10 _c20130110 _lUCH01 _h0150 |
||
| 590 |
_aBATCH-UPD _b10 _c20130110 _lUCH01 _h1658 |
||
| 590 |
_aBATCH-UPD _b10 _c20130410 _lUCH01 _h1046 |
||
| 590 |
_aBATCH-UPD _b10 _c20130914 _lUCH01 _h1138 |
||
| 590 |
_aCONVERSION _b10 _c20130109 _lUCH01 _h1321 |
||
| 650 | 1 | 4 |
_aMadera para industrias. _969664 |
| 650 | 1 | 4 |
_aMadera _xTecnologĂa. _969629 |
| 700 | 0 |
_aDe Zeeuw, Carl. _931419 |
|
| 830 | 0 |
_aThe American forestry series _9112620 |
|
| 901 | _aBK | ||
| 942 | _cLIBRO | ||
| 949 |
_a674.1 P35 1970 _bBC _cLIBRO _d-96383 _eLIBRO _fv.1 _h31511 _i41937 _si _t315.00 |
||
| 949 |
_a674.1 P35 1970 _bBC _cLIBRO _d33724000141016 _eLIBRO _fv.1 c.5 _h31515 _i41937 _si _t315.00 |
||
| 949 |
_a674.1 P35 1970 _bBC _cLIBRO _d33724000141024 _eLIBRO _fv.1 c.6 _h37245 _i41937 _si _t315.00 |
||
| 949 |
_a674.1 P35 1970 _bBC _cLIBRO _d33724000149134 _eLIBRO _fv.1 c.2 _h31512 _i41937 _si _t315.00 |
||
| 949 |
_a674.1 P35 1970 _bBC _cLIBRO _d33724000149142 _eLIBRO _fv.1 c.3 _h31513 _i41937 _si _t315.00 |
||
| 949 |
_a674.1 P35 1970 _bBC _cLIBRO _d33724000149159 _eLIBRO _fv.1 c.4 _h31514 _i41937 _si _t315.00 |
||
| 999 |
_c36845 _d36845 |
||